Brunch
Víkendový, prevažne nedeľný, brunch ako príjemný rituál, ktorého cieľom je oveľa viac, ako len zasýtiť. Brunch - kombinácia neskorých raňajok (breakfast) a skorého obeda (lunch). Kto a prečo obľubuje brunch. Brunch po slovensky. Bratislavský "brunchový" boom. Ponuka brunchu vo vybraných hoteloch.
Salvato in:
| Autore principale: | |
|---|---|
| Natura: | Capitolo di libro |
| Lingua: | slovacco |
| Soggetti: | |
| Tags: |
Nessun Tag, puoi essere il primo ad aggiungerne!!
|
MARC
| LEADER | 00000naa a2200000 4500 | ||
|---|---|---|---|
| 001 | 0128032 | ||
| 005 | 20230607113733.1 | ||
| 041 | 0 | |a slo | |
| 044 | |a SK | ||
| 245 | 1 | 0 | |a Brunch |c Zlatica Kramárová |
| 520 | |a Víkendový, prevažne nedeľný, brunch ako príjemný rituál, ktorého cieľom je oveľa viac, ako len zasýtiť. Brunch - kombinácia neskorých raňajok (breakfast) a skorého obeda (lunch). Kto a prečo obľubuje brunch. Brunch po slovensky. Bratislavský "brunchový" boom. Ponuka brunchu vo vybraných hoteloch. | ||
| 610 | 2 | 0 | |a gastronómia |
| 610 | 2 | 0 | |a reštaurácie |
| 610 | 2 | 0 | |a hotely |
| 610 | 2 | 0 | |a stravovanie spoločné |
| 100 | 1 | |a Kramárová, Zlatica | |